000 00488nam a2200181Ia 4500
005 20250508153751.0
008 008 250505s9999 xx 000 0 eng d
037 _aTextual
040 _aFEDL
_beng
_cFEDL
041 _aeng
_2eng
084 _a371.62, GRE
_qFEDL
245 0 _aBuilding bulletin No. 18 schools in the USA a report
245 0 _cMinistry of education
260 _c1961
300 _a360p.
942 _cTEXL
_h371.62, GRE
999 _c1345349
_d1345349